Quizzes
Events
Quiz Creation
Community
Videos
Private Events
Remove Ads
Sign In
Join for FREE
Feedback
Dark Mode
Quiz Categories
Sports
Geography
Music
Movies
Television
Just For Fun
Miscellaneous
History
Literature
Language
Science
Gaming
Entertainment
Religion
Holiday
For Kids
Quiz Lab
Recent
Popular Today
Quiz Kudos Today
Editor Picks
Curator Picks
Quizzes by...
Day
Popularity
Type
Ratings
Length
Year
Community
Subscriptions
Recent Discussions
Orange Saloon
Badges
Playlists
Quests
Create
Leaderboards
Showdown
Live 5
Trivia Bingo
Activity
Puzzle Library
Sporcle Events
Private Events
Virtual Trivia
Globe League
Become a Host
Pub Owners
SporcleCon
Opinionation
Our Games
Videos
Blog
Mobile Apps
Partnerships
Remove Ads and Go Orange
Feedback
Entertainment
Celebrity
Famous
Musical
Broadway
Show
Quote
Comic Books
Anime
Superhero
DC Comics
Marvel
Cartoons
Animation
Entertainment
Celebrity
Famous
Musical
Broadway
Show
Quote
Comic Books
Anime
Superhero
DC Comics
Marvel
Cartoons
Animation
Random Quiz
Search Sporcle
×
Quiz Lab
Quiz Lab
Entertainment
Show
Type in answers that appear in a list
Type in answers that appear in a list
Classic
Best Score? Go Orange.
Off The Lake Shows 1997-2015 Stats
Can you name the Off The Lake Shows from 1997-2015?
By
alexlefeld
5m
19 Questions
37 Plays
37 Plays
37 Plays
Comments
Comments
Give Quiz Kudos
Give Quiz Kudos
-
- Ratings
hide this ad
Forced Order
Answers have to be entered in order
Answers have to be entered in order
Replay
Link that replays current quiz
Next Quiz
Link to next quiz in quiz playlist
You Got
0%
They Got
Avg Score
41%
Avg Friend Score
Upgrade to see
Score Distribution
Jump to the score distribution portion of the page
Score
0/19
Timer
05:00
0
Plays Today
Year
Musical Title
% Correct
2015
Legally Blonde
67.6%
1997
Into The Woods
64.9%
2012
The Mystery of Edwin Drood
64.9%
2013
All Shook Up
64.9%
2014
Pippin
62.2%
2008
Aida
51.4%
2010
The Wedding Singer
51.4%
2011
The Drowsy Chaperone
51.4%
2007
Children of Eden
48.6%
2009
Urinetown
45.9%
Year
Musical Title
% Correct
2006
Footloose
37.8%
2000
Guys and Dolls
29.7%
2002
Annie
27%
2001
Anything Goes
24.3%
2005
42nd Street
24.3%
1998
Bye Bye Birdie
21.6%
1999
How To Succeed...
18.9%
2003
Kiss Me Kate
18.9%
2004
Fame
16.2%
Quiz Playlist
Details
Report
Send in Message
Add To Playlist
Classic:
Type in answers that appear in a list
Forced Order:
Answers have to be entered in order
Last Updated: Feb 16, 2017
Quiz Scoreboard
CHALLENGE
Sign Up to Join the Scoreboard
Show All
Scores
Hide
Comments
May contain spoilers
Recently Published
An Introduction to Baseball
by treessimontrees
Sports
5m
Movies - When Are They Set?
by FPL_Elf
Movies
5m
Popular People in 1961
by mucciniale
History
6m
More to Explore
Quiz From the Vault
Featured Blog Post
Where Did the Easter Bunny Come From?
hide this ad
You Might Also Like...
Tags
Show Quiz
lake
osu
OSU Buckeyes
Today's Top Quizzes in Entertainment
Browse Entertainment
hide this ad
Today's Top Quizzes in Show
Browse Show
Top Contributed Quizzes in Entertainment
1
Kamen Rider Motifs
2
7-to-1: DC Comics Villains
3
Dragon Ball Z: Goku's Fights in Order
4
Dragon Ball Z: Mega Character Search
5
Marvel Characters Bunker
6
Criteria Quickie: Cartoon Taxonomy II
7
Fictional Villains Letter U Blitz
8
Sorting Pictures: Villains
9
One Thing in Common: Fictional Characters
10
Eurovision 2023 Logic Puzzle
Explore More
Trending Topics
Kpop
Anime
NBA
Harry Potter
Marvel
Crossword
Disney
Song
NFL
Soccer
Country
Puzzle
WWE
Pokémon
The Office
hide this ad
More By:
alexlefeld
Quiz
Plays
Rating
Category
Featured
Created
Off The Lake Shows 1997-2015
37
Entertainment
May 28, 2015
Go to Creator's Profile
Score Distribution
Quiz Creator Spotlight
alexlefeld
Follow
Send a Message
Quizzes Created
-
Created Quiz Play Count
-
More By This Creator
Popular Quizzes Today
1
Find the Countries of Europe - No Outlines Minefield
2
Find the US States - No Outlines Minefield
3
The Countries of the World
4
Popular People in 1961
5
Find the US States
6
US States
7
1-10 Letter E Words III
8
Risky Map Clicking: Biggest States A-Z
More Entertainment Quizzes
3 Word Anime Matching
Published
Trending Quizzes
Risky Map Clicking: Least Populous States A-Z
1-10 Letter F Words
1-10 Letter G Words
Not Quite an Element Typing Challenge
One Thing in Common: United Kingdom
Recently Updated
Leaping Animals
pecheneg
Reality TV Shows (A-Z)
bhenderson79
Rickey Henderson's Hall of Fame Teammates
pecheneg
Champions League XIs: Arsenal
pecheneg
Quick Pick: Celebrities in WWE's Hall of Fame
aduchscher
A-Z Keypad Blitz II
pecheneg
Multiple Oscar Actors
pecheneg
Mystery Phrase Blitz: Oscar 'Best Actors'
pecheneg
F. Scott Fitzgerald Novels
LTH
Pick 3 Villains
ddd62291
Trending Topics
Marvel
Disney
NBA
Kpop
Anime
Crossword
Harry Potter
Country
NFL
Pokémon
The Office
Song
WWE
Puzzle
Soccer
Your Account Isn't Verified!
In order to create a playlist on Sporcle, you need to verify the email address you used during registration. Go to your
Sporcle Settings
to finish the process.
Report this User
Report this user for behavior that violates our
Community Guidelines
.
Details:
Send Report
Go to the Sporcle.com Mobile Site →
Comments